| 000 | 00929cab a2200325 4500 | ||
|---|---|---|---|
| 001 | ABS48794 | ||
| 008 | 090401t1993 xxu||||| |||| 00| 0 eng d | ||
| 035 | _a(Sirsi) u68559 | ||
| 041 | _aeng | ||
| 245 | _aCentrefolio : M5 - junctions 1-13 | ||
| 260 | _c1993 | ||
| 350 | _a0 | ||
| 490 |
_aCSW - The Property Week _v43(10) 3 June 1993, 29-49(12) |
||
| 650 | _aBLACK COUNTRY | ||
| 650 | _aCHELTENHAM | ||
| 650 | _aGLOUCESTER | ||
| 650 | _aINDUSTRIAL MARKET | ||
| 650 | _aM5 CORRIDOR | ||
| 650 | _aMENTOR | ||
| 650 | _aOCCUPIER PROFILES | ||
| 650 | _aPROPERTY-COMMERCIAL PROPERTY-OFFICE PROPERTY-OFFICE PROPERTY MARKET | ||
| 650 | _aREDDITCH | ||
| 650 | _aPROPERTY-COMMERCIAL PROPERTY-RETAIL PROPERTY-RETAIL PROPERTY MARKET | ||
| 650 | _aSTROUD | ||
| 650 | _aTEWKESBURY | ||
| 650 | _aWORCESTER | ||
| 690 | _aPROPERTY-COMMERCIAL PROPERTY-COMMERCIAL PROPERTY MARKET | ||
| 942 | _n0 | ||
| 948 | _c04/03/1997 | ||
| 999 |
_c43014 _d43014 |
||